Missing Word: Anthony Hopkins Films Quiz Stats

 Plays Quiz Updated Apr 26, 2013

Support Sporcle.
Go Orange.
Score 0/18 Timer 03:00
0 Plays Today
Film Title Word % Correct
The _____ of the LambsSilence
96.8%
Meet Joe _____Black
85.7%
_____ Stoker's DraculaBram
84.8%
Howards ____End
78%
The _____ of ZorroMask
72.1%
All the _____ MenKing's
69.8%
_______ of the FallLegends
69.2%
You Will Meet a Tall, Dark _______Stranger
64.4%
The _____ of the DayRemains
53.1%
Film Title Word % Correct
____ CompanyBad
44.2%
Red _______Dragon
34.5%
The World's ______ IndianFastest
33.3%
_____ in AtlantisHearts
31%
The _____ StainHuman
24%
The ______ ManElephant
15.3%
The Road to ______Wellville
7.9%
_______ PicassoSurviving
6.4%
The ____ of Your Final DestinationCity
5.4%

Today's Daily Dose

Missing Word
'80s Musicals

Word Ladder
Hereditary

Get the Picture
Food Names

From the Vault

Shakespeare Plays (A-Z)

by wiggytitch

We're pretty sure Shakespeare and Mark Twain invented the alphabet.
Remove Ads.
Support Sporcle.
Get the best of Sporcle when you Go Orange. This ad-free experience offers more features, more stats, and more fun while also helping to support Sporcle. Thank you for becoming a member.

Show Comments

Extras

Top Quizzes Today


Score Distribution

Your Account Isn't Verified!

In order to create a playlist on Sporcle, you need to verify the email address you used during registration. Go to your Sporcle Settings to finish the process.

Report this User

Report this user for behavior that violates our Community Guidelines.

Details: